000
00307nam a22001337a 4500
020
_a
81-7335-163-5
082
_a
530
_b
GUP/P
100
_a
R.K.GUPTA
245
_a
SARASWATI PRACTICAL PHYSICS
260
_a
DELHI
_b
SARASWATI PUBLICATIONS
300
_a
124
650
_a
PHYSICS FOR CLASS XI
_z
INDIA
942
_c
BK
999
_c
529
_d
529